| 000 | 01271njm a22002897a 4500 | ||
|---|---|---|---|
| 005 | 20100901115333.0 | ||
| 006 | a|||||r|||||00| 0 | ||
| 007 | sd ammalaaahaa | ||
| 008 | 100901t xxu||||| |||| 00| 0 eng d | ||
| 028 |
_a7EPE 7208 _bHis Master's Voice |
||
| 035 | _aGR-03445 | ||
| 040 |
_aSED _cSED |
||
| 100 |
_aMangeshkar, Usha _917891 |
||
| 245 |
_aMain To Arti Utaroon / _cby Usha Mangeshkar & Chorus ; music by C. Arjun ; lyric by Pradeep _h[Sound recording] |
||
| 246 | _aमैं तो आरती उतरून / उषा मंगेशकर | ||
| 260 |
_aDUM DUM, India _bHis Master's Voice _c1975 |
||
| 300 |
_a1 Sound disc [Gramophone Recording] : _banalog, 33 1/3 rpm _c7 in. (SP) _fGramophone Record |
||
| 500 | _aBrief record | ||
| 500 | _aRecord Labels : His Master's Voice,Red | ||
| 505 | _aSide-1 मैं तो आरती उतरून (Main to arti utaroon) --Side-2 करती हूँ तुम्हारा व्रत (Karti hoon tumhara vrat) (Usha Mangeshkar) | ||
| 600 | _2Mangeshkar, Usha | ||
| 650 |
_aFilm songs _xExcerpts _zIndia _917892 |
||
| 700 |
_aArjun, C. _920685 |
||
| 700 |
_920696 _aPradeep |
||
| 942 |
_2ddc _cGR |
||
| 999 |
_c46802 _d46802 |
||